[Event "Maastricht Limburg op-B 9th"]
[Site "Maastricht"]
[Date "2015.05.24"]
[Round "5"]
[White "Van den Bos, Frans Pieter"]
[Black "Cornelius, Jorg"]
[Result "1/2-1/2"]
[WhiteElo "1959"]
[BlackElo "2022"]
[PlyCount "80"]
[EventDate "2015.05.22"]
[EventType "swiss"]
[EventRounds "7"]
[EventCountry "NED"]
[SourceTitle "EXT 2016"]
[Source "ChessBase"]
[SourceDate "2015.10.08"]
[SourceVersion "1"]
[SourceVersionDate "2015.10.08"]
[SourceQuality "1"]

1. c4 Nf6 2. Nc3 c5 3. e4 d6 4. g3 Nc6 5. Bg2 g6 6. Nge2 Bg7 7. 0-0 0-0 8. d3 Rb8 9. h3 a6 10. Rb1 b5 11. b3 Bd7 12. Be3 e5 13. Qd2 Nd4 14. f4 b4 15. Nd5 Nxd5 16. cxd5 a5 17. Kh2 Nxe2 18. Qxe2 f5 19. Qd2 a4 20. fxe5 Bxe5 21. d4 cxd4 22. Bxd4 Qf6 23. Bxe5 Qxe5 24. exf5 Rxf5 25. Rxf5 Qxf5 26. Rf1 Qe5 27. Qf2 Qe7 28. Re1 Qd8 29. Qf4 Qf8 30. Qd4 Qd8 31. Rc1 axb3 32. axb3 Qb6 33. Qxb6 Rxb6 34. Rc7 Be8 35. Rc8 Kf8 36. h4 Rb5 37. Rc7 Bf7 38. Rc8+ Ke7 39. Rc7+ Ke8 40. Rc4 Ke7 1/2-1/2

[Event "Maastricht Limburg op-B 8th"]
[Site "Maastricht"]
[Date "2014.06.08"]
[Round "4"]
[White "Schloemer, Armin"]
[Black "Cornelius, Jorg"]
[Result "0-1"]
[WhiteElo "1880"]
[BlackElo "2039"]
[PlyCount "124"]
[EventDate "2014.06.06"]
[EventType "swiss"]
[EventRounds "7"]
[EventCountry "NED"]
[SourceTitle "EXT 2015"]
[Source "ChessBase"]
[SourceDate "2014.11.20"]
[SourceVersion "1"]
[SourceVersionDate "2014.11.20"]
[SourceQuality "1"]

1. c4 Nf6 2. Nf3 c5 3. g3 d5 4. cxd5 Nxd5 5. Bg2 Nc6 6. Nc3 Nc7 7. Qb3 e5 8. d3 Be7 9. Be3 0-0 10. Ne4 Ne6 11. Qc3 Ned4 12. Nxc5 Qd5 13. Rc1 b6 14. Nh4 Qxc5 15. Qxc5 Bxc5 16. Bxd4 exd4 17. Bxc6 Rb8 18. 0-0 Be6 19. a3 a5 20. Bb5 Rb7 21. Bc4 Bh3 22. Bd5 Bxf1 23. Bxb7 Bxe2 24. Be4 Bg4 25. Re1 Be6 26. f4 g6 27. f5 Bd7 28. g4 Re8 29. Rf1 g5 30. Nf3 h6 31. h4 f6 32. Rc1 a4 33. Kg2 Bb5 34. Nd2 Re7 35. Rc2 Kg7 36. b4 axb3 37. Nxb3 Ba4 38. Rb2 Bxb3 39. Rxb3 Ra7 40. Bd5 Rxa3 41. Rxa3 Bxa3 42. Bc4 gxh4 43. Kh3 Kf8 44. Kxh4 Ke7 45. Kg3 Kd6 46. Kf3 Kc5 47. Ke4 b5 48. Ba2 Bc1 49. Bd5 Be3 50. Bf7 Kb4 51. Kd5 Kc3 52. Be8 b4 53. Ke6 Bg5 54. Kd6 b3 55. Bf7 b2 56. Ba2 Kc2 57. Kd5 Kxd3 58. Bb1+ Kd2 59. Kxd4 Kc1 60. Be4 b1Q 61. Bxb1 Kxb1 62. Kd3 Kc1 0-1

[Event "Maastricht Limburg op-B 8th"]
[Site "Maastricht"]
[Date "2014.06.07"]
[Round "2"]
[White "Wlogalski, Olivier"]
[Black "Cornelius, Jorg"]
[Result "1-0"]
[WhiteElo "1896"]
[BlackElo "2039"]
[PlyCount "65"]
[EventDate "2014.06.06"]
[EventType "swiss"]
[EventRounds "7"]
[EventCountry "NED"]
[SourceTitle "EXT 2015"]
[Source "ChessBase"]
[SourceDate "2014.11.20"]
[SourceVersion "1"]
[SourceVersionDate "2014.11.20"]
[SourceQuality "1"]

1. d4 Nf6 2. c4 c5 3. d5 b5 4. Nf3 g6 5. Nc3 b4 6. Nb1 Bg7 7. Nbd2 d6 8. a3 Qb6 9. e4 0-0 10. Bd3 a5 11. 0-0 Ba6 12. Re1 Nbd7 13. h3 Rfe8 14. Bc2 e6 15. Ba4 exd5 16. exd5 Rxe1+ 17. Qxe1 Re8 18. Qd1 Re7 19. Bxd7 Nxd7 20. Qa4 Ne5 21. Nxe5 Rxe5 22. Nf3 Re2 23. axb4 cxb4 24. Be3 Qb8 25. Qxa5 Bxb2 26. Ra4 Bxc4 27. Rxb4 Qc8 28. Qa7 Kg7 29. Rxb2 Rxb2 30. Bd4+ Kf8 31. Bxb2 Bxd5 32. Qd4 Bxf3 33. Qh8+ 1-0

[Event "Maastricht Limburg op-B 8th"]
[Site "Maastricht"]
[Date "2014.06.06"]
[Round "1"]
[White "Cornelius, Jorg"]
[Black "Vandenbroucke, Tim"]
[Result "1-0"]
[WhiteElo "2039"]
[BlackElo "1878"]
[PlyCount "93"]
[EventDate "2014.06.06"]
[EventType "swiss"]
[EventRounds "7"]
[EventCountry "NED"]
[SourceTitle "EXT 2015"]
[Source "ChessBase"]
[SourceDate "2014.11.20"]
[SourceVersion "1"]
[SourceVersionDate "2014.11.20"]
[SourceQuality "1"]

1. e4 c5 2. Nc3 g6 3. f4 Nc6 4. Nf3 Bg7 5. g3 e6 6. Bg2 Nge7 7. 0-0 0-0 8. d3 d5 9. e5 Rb8 10. Nb5 a6 11. Nd6 Nf5 12. Nxf5 exf5 13. Be3 d4 14. Bf2 Be6 15. Re1 Qb6 16. Qc1 Bd5 17. c3 Rbc8 18. c4 Be6 19. Ng5 Rfe8 20. Qd2 a5 21. Qe2 h6 22. Nxe6 fxe6 23. h3 Rf8 24. Rab1 Ra8 25. Qf3 Rf7 26. Kh2 Kh7 27. Rg1 Rg8 28. Be1 Qc7 29. Bd2 Bf8 30. Qe2 Rfg7 31. Rbe1 Be7 32. Kh1 Bd8 33. Bf3 Qf7 34. Rg2 Kh8 35. Reg1 Qd7 36. Qe1 Qc7 37. g4 Nb8 38. Qg3 Qe7 39. gxf5 gxf5 40. Qxg7+ Rxg7 41. Rxg7 Qxg7 42. Rxg7 Kxg7 43. Bxb7 Nd7 44. Kg2 Nf8 45. Bc6 Kf7 46. a3 Be7 47. Bxa5 1-0

[Event "Oberliga NRW 9899 II"]
[Site "Germany"]
[Date "1998.??.??"]
[Round "4.8"]
[White "Wellmann, Bjoern"]
[Black "Cornelius, Jorg"]
[Result "1-0"]
[WhiteElo "2086"]
[BlackElo "1888"]
[PlyCount "77"]
[EventDate "1998.10.10"]
[EventType "team"]
[EventRounds "9"]
[EventCountry "GER"]
[SourceTitle "EXT 2000"]
[Source "ChessBase"]
[SourceDate "1999.11.16"]
[SourceVersion "1"]
[SourceVersionDate "1999.11.16"]
[SourceQuality "1"]
[WhiteTeam "Neu Herne"]
[BlackTeam "Uebach Palenberg"]
[WhiteTeamCountry "GER"]
[BlackTeamCountry "GER"]

1. d4 Nf6 2. c4 c5 3. d5 b5 4. cxb5 a6 5. bxa6 Bxa6 6. Nc3 g6 7. e4 Bxf1 8. Kxf1 d6 9. Nf3 Bg7 10. h3 0-0 11. Kg1 Nbd7 12. Kh2 Qb6 13. Re1 Rfb8 14. Re2 Ra7 15. Bf4 Qa6 16. Rc1 Rab7 17. b3 Ne8 18. Na4 Rb4 19. Bd2 R4b7 20. Bc3 Ndf6 21. Nd2 Nc7 22. Nc4 Nb5 23. e5 Nxc3 24. Rxc3 Ne8 25. Rce3 Nc7 26. Qd3 Nb5 27. exd6 exd6 28. Re8+ Bf8 29. Na3 Nc7 30. Qxa6 Nxa6 31. Nc4 Kg7 32. Rxb8 Rxb8 33. Nab6 Nb4 34. a4 Rb7 35. Re8 f5 36. a5 Kf7 37. Ra8 Be7 38. a6 Rc7 39. a7 1-0

[Event "Uebach op g/45"]
[Site "Uebach"]
[Date "1996.??.??"]
[Round "8"]
[White "Widera, Winfried"]
[Black "Cornelius, Jorg"]
[Result "1-0"]
[WhiteElo "2030"]
[BlackElo "1810"]
[PlyCount "49"]
[EventDate "1996.??.??"]
[EventType "swiss"]
[EventRounds "9"]
[EventCountry "GER"]
[SourceTitle "EXT 2004"]
[Source "ChessBase"]
[SourceDate "2003.11.25"]
[SourceVersion "1"]
[SourceVersionDate "2003.11.25"]
[SourceQuality "1"]

1. e4 Nf6 2. e5 Nd5 3. Nc3 e6 4. Nxd5 exd5 5. d4 d6 6. Nf3 Bg4 7. h3 Bf5 8. Bd3 Bxd3 9. Qxd3 Qd7 10. Bg5 h6 11. Bh4 g5 12. Bg3 Nc6 13. 0-0-0 0-0-0 14. Rhe1 Be7 15. Qb3 dxe5 16. dxe5 Qe6 17. Rd3 Rd7 18. Qa4 Kb8 19. Rb3 Bc5 20. Qb5 Bb6 21. a4 a6 22. Qd3 Na5 23. Ra3 Bc5 24. Ra1 Rhd8 25. Nd4 1-0